[Event "Mittelrhein Verbandsliga Nord 1920"]
[Site "Mittelrhein"]
[Date "2020.02.16"]
[Round "6.4"]
[White "Boehm, Stefan"]
[Black "Urban, Michael"]
[Result "1/2-1/2"]
[WhiteElo "1994"]
[BlackElo "1713"]
[PlyCount "104"]
[EventDate "2019.09.29"]
[EventType "team-tourn"]
[EventRounds "9"]
[EventCountry "GER"]
[SourceTitle "EXT 2023"]
[Source "ChessBase"]
[SourceDate "2022.10.05"]
[SourceVersion "1"]
[SourceVersionDate "2022.10.05"]
[SourceQuality "1"]
[WhiteTeam "Bayer Leverkusen"]
[BlackTeam "Eikamp Freibauer"]
[WhiteTeamCountry "GER"]
[BlackTeamCountry "GER"]

1. d4 d5 2. c4 e6 3. Nc3 Nf6 4. cxd5 exd5 5. Bg5 Be7 6. e3 c6 7. Bd3 Nbd7 8. h3 Nb6 9. Qc2 h6 10. Bf4 Bd6 11. Bxd6 Qxd6 12. Nf3 Be6 13. 0-0 0-0 14. Ne2 Nbd7 15. Nf4 Rfe8 16. Rac1 Rac8 17. Qa4 Qb8 18. b4 b5 19. Qc2 Nb6 20. Kh1 Bd7 21. Ne5 Qd6 22. Qc5 Qxc5 23. bxc5 Nc4 24. Nxd7 Nxd7 25. Bf5 Rcd8 26. a4 a6 27. axb5 axb5 28. Ra1 g6 29. Bxd7 Rxd7 30. Nd3 Nd2 31. Rfd1 Ne4 32. Kg1 Nc3 33. Re1 Na4 34. Ra3 f6 35. Rb1 Ra7 36. Nb4 Rc8 37. g4 Kf7 38. Kg2 Ke8 39. Kg3 Kd7 40. Kf4 Re8 41. h4 Raa8 42. Rab3 Re4+ 43. Kg3 Rae8 44. Ra1 f5 45. gxf5 gxf5 46. Nd3 Rg8+ 47. Kh3 Kc7 48. Nf4 Ree8 49. Rh1 Kd7 50. Rh2 Rg4 51. f3 Rg1 52. Rg2 Rh1+ 1/2-1/2

[Event "Mittelrhein Verbandsliga-N 18/19"]
[Site "Nordrheinwestfalen"]
[Date "2019.05.05"]
[Round "10.6"]
[White "Boehm, Stefan"]
[Black "Rosen, Daniel"]
[Result "1-0"]
[WhiteElo "2010"]
[BlackElo "1796"]
[PlyCount "81"]
[EventDate "2018.09.02"]
[EventType "team-tourn"]
[EventRounds "12"]
[EventCountry "GER"]
[SourceTitle "EXT 2022"]
[Source "ChessBase"]
[SourceDate "2021.10.06"]
[SourceVersion "1"]
[SourceVersionDate "2021.10.06"]
[SourceQuality "1"]
[WhiteTeam "Leverkusen SC Bayer"]
[BlackTeam "Rheinpark BSG"]
[WhiteTeamCountry "GER"]
[BlackTeamCountry "GER"]

1. d4 Nf6 2. c4 g6 3. Nc3 Bg7 4. e4 d6 5. Be2 Nbd7 6. Be3 e5 7. d5 a5 8. f3 Nc5 9. g4 Bd7 10. b3 Ng8 11. h4 f5 12. gxf5 gxf5 13. Bg5 Nf6 14. h5 h6 15. Bh4 Qc8 16. Bf2 fxe4 17. Bxc5 dxc5 18. fxe4 Ng4 19. Qd3 Bf6 20. Nf3 Qd8 21. Nd1 Qe7 22. Ne3 Nxe3 23. Qxe3 0-0-0 24. Qc3 b6 25. 0-0-0 Rhg8 26. Rdg1 Bg5+ 27. Kc2 Bf4 28. Qe1 Be3 29. Rxg8 Rxg8 30. Nh4 Rg5 31. Ng6 Qd6 32. Rf1 Rg2 33. Kd3 Bf4 34. Rg1 Rxg1 35. Qxg1 Qf6 36. Bg4 Bg5 37. Bxd7+ Kxd7 38. Qg4+ Kd6 39. Ke2 Qf7 40. Qc8 Bf4 41. Qd8+ 1-0

[Event "GER Seniors Derby 17th"]
[Site "Wesel Undeloh"]
[Date "2018.03.16"]
[Round "4"]
[White "Blumenstock, Axel"]
[Black "Boehm, Stefan"]
[Result "0-1"]
[WhiteElo "1835"]
[BlackElo "2056"]
[PlyCount "64"]
[EventDate "2018.03.15"]
[EventType "swiss"]
[EventRounds "7"]
[EventCountry "GER"]
[SourceTitle "EXT 2019"]
[Source "ChessBase"]
[SourceDate "2018.10.10"]
[SourceVersion "1"]
[SourceVersionDate "2018.10.10"]
[SourceQuality "1"]

1. d4 e6 2. c4 b6 3. Nc3 Bb7 4. e3 Bb4 5. Nf3 Nf6 6. Bd2 0-0 7. Be2 d6 8. 0-0 Bxc3 9. Bxc3 Ne4 10. Nd2 Nxc3 11. bxc3 Nd7 12. Bf3 Bxf3 13. Qxf3 e5 14. a4 a5 15. Nb3 Rc8 16. c5 Qe7 17. c6 Nf6 18. Qe2 Nd5 19. Qc4 Qe6 20. e4 Ne7 21. d5 Qg4 22. Qd3 f5 23. f3 Qg5 24. exf5 Rxf5 25. Nd2 Rf4 26. Ne4 Qg6 27. Ra2 Qf7 28. c4 Qg6 29. Rd2 Nf5 30. Qe2 Nd4 31. Qe3 Rcf8 32. Kh1 Rxe4 0-1

[Event "Mittelrhein Regionalliga 1718"]
[Site "Nordrheinwestfalen"]
[Date "2018.02.25"]
[Round "7.7"]
[White "Graf, Peter"]
[Black "Boehm, Stefan"]
[Result "1/2-1/2"]
[WhiteElo "1955"]
[BlackElo "1972"]
[PlyCount "79"]
[EventDate "2017.09.10"]
[EventType "team-tourn"]
[EventRounds "9"]
[EventCountry "GER"]
[SourceTitle "EXT 2022"]
[Source "ChessBase"]
[SourceDate "2021.10.06"]
[SourceVersion "1"]
[SourceVersionDate "2021.10.06"]
[SourceQuality "1"]
[WhiteTeam "Klub Koelner SF II"]
[BlackTeam "Leverkusen SC Bayer"]
[WhiteTeamCountry "GER"]
[BlackTeamCountry "GER"]

1. e4 c5 2. Be2 d6 3. f4 Nc6 4. Nf3 g6 5. 0-0 Bg7 6. c3 Bg4 7. d3 e6 8. Nbd2 Nge7 9. Qe1 0-0 10. Qh4 Bxf3 11. Nxf3 b5 12. Bd2 b4 13. g4 Qd7 14. Ng5 h6 15. Nh3 f6 16. Bd1 d5 17. exd5 Nxd5 18. f5 g5 19. Qf2 exf5 20. gxf5 Qd6 21. Bb3 Kh7 22. Qf3 Nde7 23. Nf2 Ne5 24. Qh3 c4 25. Bc2 Qd5 26. Ng4 Nxg4 27. Qxg4 cxd3 28. Bb3 Qc5+ 29. Qd4 Qxd4+ 30. cxd4 a5 31. Rae1 Ra7 32. Re3 Rd8 33. Rxd3 Rad7 34. Be3 Nd5 35. Bc1 Nb6 36. Rfd1 Nd5 37. Kf2 Bf8 38. Kf3 h5 39. h3 Rg7 40. Rg1 1/2-1/2

[Event "Mittelrhein Regionalliga 1718"]
[Site "Nordrheinwestfalen"]
[Date "2018.02.04"]
[Round "6.4"]
[White "Reinemer, Frank"]
[Black "Boehm, Stefan"]
[Result "1/2-1/2"]
[WhiteElo "2004"]
[BlackElo "1972"]
[PlyCount "75"]
[EventDate "2017.09.10"]
[EventType "team-tourn"]
[EventRounds "9"]
[EventCountry "GER"]
[SourceTitle "EXT 2022"]
[Source "ChessBase"]
[SourceDate "2021.10.06"]
[SourceVersion "1"]
[SourceVersionDate "2021.10.06"]
[SourceQuality "1"]
[WhiteTeam "Langenfeld"]
[BlackTeam "Leverkusen SC Bayer"]
[WhiteTeamCountry "GER"]
[BlackTeamCountry "GER"]

1. d4 e6 2. c4 b6 3. a3 Nf6 4. Nc3 Bb7 5. Nf3 d5 6. Bg5 Be7 7. e3 0-0 8. Bd3 Nbd7 9. 0-0 c5 10. Rc1 Re8 11. Qe2 h6 12. Bh4 Ne4 13. Bxe7 Qxe7 14. Rfd1 cxd4 15. exd4 Nxc3 16. Rxc3 dxc4 17. Bxc4 Nf6 18. Ne5 Rac8 19. Rg3 Red8 20. Bd3 Rd6 21. Qe3 Kh8 22. Bg6 Nd5 23. Qd2 f5 24. Nf7+ Kg8 25. Nxh6+ Kf8 26. Nf7 Rdc6 27. Rh3 Qf6 28. Ne5 Rc2 29. Qxc2 Rxc2 30. Nd7+ Ke7 31. Nxf6 Kxf6 32. Be8 Nf4 33. Rb3 Bxg2 34. Ba4 Bd5 35. Rbd3 Rxb2 36. R3d2 Nh3+ 37. Kf1 Bc4+ 38. Kg2 1/2-1/2

[Event "Mittelrhein Regionalliga 1718"]
[Site "Nordrheinwestfalen"]
[Date "2017.11.12"]
[Round "3.6"]
[White "Boehm, Stefan"]
[Black "Dzierzenga, Stefan"]
[Result "0-1"]
[WhiteElo "1972"]
[BlackElo "2099"]
[PlyCount "68"]
[EventDate "2017.09.10"]
[EventType "team-tourn"]
[EventRounds "9"]
[EventCountry "GER"]
[SourceTitle "EXT 2022"]
[Source "ChessBase"]
[SourceDate "2021.10.06"]
[SourceVersion "1"]
[SourceVersionDate "2021.10.06"]
[SourceQuality "1"]
[WhiteTeam "Leverkusen SC Bayer"]
[BlackTeam "Bonn Beuel"]
[WhiteTeamCountry "GER"]
[BlackTeamCountry "GER"]

1. d4 Nf6 2. c4 c5 3. d5 b5 4. cxb5 a6 5. Nc3 axb5 6. e4 b4 7. Nb5 d6 8. Bc4 Nbd7 9. Nf3 Nxe4 10. Qe2 f5 11. Ng5 Ne5 12. Nxe4 fxe4 13. b3 g6 14. Bb2 Bg7 15. 0-0 0-0 16. a4 bxa3 17. Nxa3 Bf5 18. Nb5 Qd7 19. Rfe1 Rfb8 20. h3 h5 21. Nc3 Nd3 22. Rxa8 Rxa8 23. Bb5 Qd8 24. Bxd3 exd3 25. Qd1 Qa5 26. Na4 Bxb2 27. Nxb2 Qc3 28. Na4 Qc2 29. g4 hxg4 30. hxg4 d2 31. gxf5 dxe1Q+ 32. Qxe1 Qxf5 33. Nb6 Ra2 34. Nc4 Qxd5 0-1

[Event "Mittelrhein Verbandsliga-M 16/17"]
[Site "Nordrheinwestfalen"]
[Date "2017.01.29"]
[Round "7.5"]
[White "Boehm, Stefan"]
[Black "Distelrath, Stephan"]
[Result "0-1"]
[WhiteElo "1984"]
[BlackElo "1998"]
[PlyCount "92"]
[EventDate "2016.09.11"]
[EventType "team-tourn"]
[EventRounds "11"]
[EventCountry "GER"]
[SourceTitle "EXT 2022"]
[Source "ChessBase"]
[SourceDate "2021.10.06"]
[SourceVersion "1"]
[SourceVersionDate "2021.10.06"]
[SourceQuality "1"]
[WhiteTeam "Leverkusen SC Bayer"]
[BlackTeam "Koeln Ford SF"]
[WhiteTeamCountry "GER"]
[BlackTeamCountry "GER"]

1. d4 Nf6 2. c4 c5 3. d5 b5 4. Nf3 g6 5. cxb5 a6 6. b6 Bg7 7. Nc3 d6 8. e4 Nbd7 9. a4 a5 10. Bb5 0-0 11. Bc6 Rb8 12. Nd2 Nxb6 13. 0-0 Bd7 14. Bb5 e6 15. dxe6 Bxe6 16. Nf3 d5 17. Bf4 Rc8 18. Ba6 Ra8 19. Bb7 Ra7 20. Bc6 Nxe4 21. Nb5 Re7 22. Ng5 Nxg5 23. Bxg5 f6 24. Bf4 Nc4 25. Rc1 Bf7 26. b3 Ne5 27. Rxc5 Qb6 28. Bxe5 fxe5 29. Qc2 Rd8 30. Rd1 d4 31. Be4 Qe6 32. Rd3 Red7 33. h3 Qf6 34. Rc6 Qh4 35. Qe2 Bd5 36. Bxd5+ Rxd5 37. f3 Qg3 38. Qf2 Qf4 39. Nc7 R5d6 40. Rxd6 Rxd6 41. Qc2 Qf7 42. Nb5 Rd8 43. Qc6 Bh6 44. g3 Be3+ 45. Kg2 Qf5 46. Nd6 Qe6 0-1

[Event "Mittelrhein Verbandsliga-M 16/17"]
[Site "Nordrheinwestfalen"]
[Date "2016.11.27"]
[Round "4.3"]
[White "Boehm, Stefan"]
[Black "Froitzheim, Ralf"]
[Result "1/2-1/2"]
[WhiteElo "1984"]
[BlackElo "1794"]
[PlyCount "81"]
[EventDate "2016.09.11"]
[EventType "team-tourn"]
[EventRounds "11"]
[EventCountry "GER"]
[SourceTitle "EXT 2022"]
[Source "ChessBase"]
[SourceDate "2021.10.06"]
[SourceVersion "1"]
[SourceVersionDate "2021.10.06"]
[SourceQuality "1"]
[WhiteTeam "Leverkusen SC Bayer"]
[BlackTeam "Niederkassel III"]
[WhiteTeamCountry "GER"]
[BlackTeamCountry "GER"]

1. d4 Nf6 2. c4 g6 3. Nc3 d5 4. e3 Bg7 5. Qb3 c6 6. Nf3 0-0 7. h3 e6 8. cxd5 exd5 9. Be2 Qe7 10. 0-0 Nbd7 11. Bd2 Ne4 12. Be1 Re8 13. Rc1 Ng5 14. Nxg5 Qxg5 15. f4 Qe7 16. Bf2 Nf6 17. Bf3 Ne4 18. Nxe4 dxe4 19. Be2 Be6 20. Bc4 Bxc4 21. Qxc4 Red8 22. Qe2 Rd5 23. a3 Qd7 24. Qc2 f5 25. Rfd1 Qf7 26. b4 Bf8 27. Be1 Qd7 28. Rb1 a6 29. Rb3 Rc8 30. Rc1 Rd8 31. Qc4 Kh8 32. Bh4 Be7 33. Bxe7 Qxe7 34. a4 g5 35. Qf1 g4 36. hxg4 fxg4 37. g3 Rh5 38. Qg2 Qe6 39. Rbc3 Rdd5 40. Rc5 Rxc5 41. Rxc5 1/2-1/2

[Event "Mittelrhein Verbandsliga-M 16/17"]
[Site "Nordrheinwestfalen"]
[Date "2016.10.02"]
[Round "2.4"]
[White "Hoffmann, Frank"]
[Black "Boehm, Stefan"]
[Result "1/2-1/2"]
[WhiteElo "1806"]
[BlackElo "1984"]
[PlyCount "62"]
[EventDate "2016.09.11"]
[EventType "team-tourn"]
[EventRounds "11"]
[EventCountry "GER"]
[SourceTitle "EXT 2022"]
[Source "ChessBase"]
[SourceDate "2021.10.06"]
[SourceVersion "1"]
[SourceVersionDate "2021.10.06"]
[SourceQuality "1"]
[WhiteTeam "Hitdorf SV Springer"]
[BlackTeam "Leverkusen SC Bayer"]
[WhiteTeamCountry "GER"]
[BlackTeamCountry "GER"]

1. e4 c5 2. Nc3 Nc6 3. g3 g6 4. Bg2 Bg7 5. f4 d6 6. Nf3 e6 7. d3 Nge7 8. 0-0 0-0 9. Kh1 a6 10. Ne2 Bd7 11. c3 d5 12. Be3 dxe4 13. dxe4 b6 14. h3 Qc7 15. Qc2 Rad8 16. Rad1 Bc8 17. Rxd8 Rxd8 18. Rd1 Bb7 19. Rxd8+ Qxd8 20. Qd2 Qc7 21. Ne1 e5 22. Nd3 f5 23. Nf2 Qd8 24. Qxd8+ Nxd8 25. g4 Ne6 26. exf5 Bxg2+ 27. Kxg2 gxf5 28. fxe5 Bxe5 29. Kf3 Kf7 30. gxf5 Nxf5 31. Ng4 Bc7 1/2-1/2

[Event "Mittelrhein Verbandsliga-M 16/17"]
[Site "Nordrheinwestfalen"]
[Date "2016.09.11"]
[Round "1.4"]
[White "Boehm, Stefan"]
[Black "Beyer, Stephan"]
[Result "1-0"]
[WhiteElo "1984"]
[BlackElo "1723"]
[PlyCount "119"]
[EventDate "2016.09.11"]
[EventType "team-tourn"]
[EventRounds "11"]
[EventCountry "GER"]
[SourceTitle "EXT 2022"]
[Source "ChessBase"]
[SourceDate "2021.10.06"]
[SourceVersion "1"]
[SourceVersionDate "2021.10.06"]
[SourceQuality "1"]
[WhiteTeam "Leverkusen SC Bayer"]
[BlackTeam "Koeln Muelheim"]
[WhiteTeamCountry "GER"]
[BlackTeamCountry "GER"]

1. d4 d5 2. c4 c6 3. Nc3 Nf6 4. Bg5 h6 5. Bh4 e6 6. e3 Be7 7. cxd5 Nxd5 8. Bxe7 Qxe7 9. Bd3 0-0 10. Nf3 Nd7 11. 0-0 Nxc3 12. bxc3 e5 13. e4 b5 14. a4 Bb7 15. axb5 cxb5 16. Bxb5 Bxe4 17. Bxd7 Bxf3 18. Qxf3 Qxd7 19. dxe5 Rfc8 20. h3 Qc7 21. Rfd1 Rab8 22. Qe3 a5 23. e6 fxe6 24. Qxe6+ Kh8 25. Rd3 Re8 26. Qg4 Re7 27. Qg3 Qa7 28. Rd4 Rbe8 29. Kh2 Re5 30. Rad1 Qc5 31. Rd8 R5e7 32. R1d5 Qa7 33. Rxe8+ Rxe8 34. Qg6 Rf8 35. Qd6 Rxf2 36. Qd8+ Kh7 37. Rxa5 Qe3 38. Qd4 Qe2 39. Qd5 Rf6 40. Ra2 Qe3 41. Qd4 Qxd4 42. cxd4 Rd6 43. Ra4 Kg6 44. Kg3 Kf5 45. Kf3 Rd5 46. Rc4 Ke6 47. Ke4 Rd7 48. Rc6+ Ke7 49. d5 Ra7 50. Ke5 Ra5 51. Rc7+ Kf8 52. Ke6 Ra8 53. Rf7+ Kg8 54. Rf2 Ra3 55. d6 Re3+ 56. Kd7 g5 57. Rf6 Kg7 58. Re6 Rg3 59. Ke7 Rxg2 60. d7 1-0

[Event "Mittelrhein Verbandsliga-M 15/16"]
[Site "Nordrheinwestfalen"]
[Date "2016.05.01"]
[Round "11.6"]
[White "Leimeister, Winfried"]
[Black "Boehm, Stefan"]
[Result "1-0"]
[WhiteElo "1826"]
[BlackElo "1474"]
[PlyCount "77"]
[EventDate "2015.09.06"]
[EventType "team-tourn"]
[EventRounds "11"]
[EventCountry "GER"]
[SourceTitle "EXT 2022"]
[Source "ChessBase"]
[SourceDate "2021.10.06"]
[SourceVersion "1"]
[SourceVersionDate "2021.10.06"]
[SourceQuality "1"]
[WhiteTeam "Bergische SF"]
[BlackTeam "Schlebusch SF"]
[WhiteTeamCountry "GER"]
[BlackTeamCountry "GER"]

1. e4 c5 2. Nf3 d6 3. g3 Nf6 4. d3 Nc6 5. Bg2 Bg4 6. h3 Bxf3 7. Qxf3 Nd4 8. Qd1 Rb8 9. c3 Nc6 10. a4 a6 11. 0-0 g6 12. Nd2 Bg7 13. f4 e5 14. f5 0-0 15. g4 b5 16. axb5 axb5 17. g5 Nh5 18. f6 Bh8 19. Nf3 Ra8 20. Be3 Rxa1 21. Qxa1 Qa8 22. b3 Ng3 23. Re1 Qxa1 24. Rxa1 Ne2+ 25. Kf2 Nxc3 26. Ra6 Nd1+ 27. Ke2 Nxe3 28. Kxe3 Nd4 29. Nxd4 exd4+ 30. Kd2 Rd8 31. h4 Kf8 32. Bh3 b4 33. Ra7 Ke8 34. Re7+ Kf8 35. e5 Re8 36. exd6 Rxe7 37. dxe7+ Ke8 38. Bg2 Kd7 39. Bc6+ 1-0

[Event "Mittelrhein Verbandsliga-M 15/16"]
[Site "Nordrheinwestfalen"]
[Date "2016.02.21"]
[Round "8.3"]
[White "Boehm, Stefan"]
[Black "Kuschel, Peter"]
[Result "1-0"]
[WhiteElo "1944"]
[BlackElo "1980"]
[PlyCount "63"]
[EventDate "2015.09.06"]
[EventType "team-tourn"]
[EventRounds "11"]
[EventCountry "GER"]
[SourceTitle "EXT 2022"]
[Source "ChessBase"]
[SourceDate "2021.10.06"]
[SourceVersion "1"]
[SourceVersionDate "2021.10.06"]
[SourceQuality "1"]
[WhiteTeam "Leverkusen SC Bayer"]
[BlackTeam "Esch SF"]
[WhiteTeamCountry "GER"]
[BlackTeamCountry "GER"]

1. d4 d5 2. c4 dxc4 3. e4 b5 4. a4 Bb7 5. axb5 Bxe4 6. Nc3 Bb7 7. Nf3 e6 8. Bxc4 Nf6 9. 0-0 Be7 10. Ne5 0-0 11. Bg5 Nd5 12. Bxe7 Nxe7 13. Qg4 Nd5 14. Ra3 Nd7 15. Nxd7 Qxd7 16. Ne4 Qe7 17. Nc5 Nf6 18. Qg5 c6 19. Rg3 g6 20. Nxb7 cxb5 21. Bb3 Qxb7 22. Qxf6 Rad8 23. h4 Qe4 24. Rd1 Qe2 25. Rf3 h5 26. Re3 Qxb2 27. Bxe6 fxe6 28. Qxg6+ Kh8 29. Qh6+ Kg8 30. Rg3+ Kf7 31. Rg7+ Ke8 32. Qxe6# 1-0

[Event "Mittelrhein Verbandsliga-M 15/16"]
[Site "Nordrheinwestfalen"]
[Date "2015.10.18"]
[Round "3.8"]
[White "Boehm, Stefan"]
[Black "Nonn, Erich"]
[Result "1/2-1/2"]
[WhiteElo "1460"]
[BlackElo "1751"]
[PlyCount "131"]
[EventDate "2015.09.06"]
[EventType "team-tourn"]
[EventRounds "11"]
[EventCountry "GER"]
[SourceTitle "EXT 2022"]
[Source "ChessBase"]
[SourceDate "2021.10.06"]
[SourceVersion "1"]
[SourceVersionDate "2021.10.06"]
[SourceQuality "1"]
[WhiteTeam "Schlebusch SF"]
[BlackTeam "Koeln Longerich"]
[WhiteTeamCountry "GER"]
[BlackTeamCountry "GER"]

1. c4 Nf6 2. Nc3 g6 3. Nf3 Bg7 4. g3 d6 5. Bg2 0-0 6. 0-0 c5 7. d3 Nc6 8. Bg5 Rb8 9. Qd2 Be6 10. Bh6 a6 11. Bxg7 Kxg7 12. Ng5 Qd7 13. Nxe6+ fxe6 14. Bh3 b5 15. b3 b4 16. Nd5 Nxd5 17. cxd5 Nd8 18. Qe3 h6 19. dxe6 Qb7 20. Rac1 Qd5 21. Rc4 Rf6 22. Qe4 Qxe4 23. Rxe4 Nc6 24. e3 d5 25. Rf4 Ne5 26. Rxf6 Kxf6 27. Rd1 Nf3+ 28. Kg2 Ng5 29. Rc1 Rc8 30. f4 Nxe6 31. Bxe6 Kxe6 32. Kf3 Kd6 33. e4 e6 34. e5+ Ke7 35. h4 Kf7 36. g4 h5 37. g5 Ke7 38. Ke3 Kd7 39. Rc2 Rc6 40. Ke2 Kc7 41. Kd2 Kb6 42. Ke3 Kb5 43. Kd2 a5 44. Kd1 Ra6 45. Kd2 Ra7 46. Ke3 a4 47. Kd2 axb3 48. axb3 Ra1 49. Rc1 Ra3 50. Rb1 Ra2+ 51. Ke3 Rh2 52. Ra1 Rxh4 53. Ra8 Rh3+ 54. Ke2 Rh2+ 55. Kf3 Rb2 56. Rb8+ Kc6 57. Rc8+ Kd7 58. Rxc5 Rxb3 59. Ke3 Ra3 60. Rb5 b3 61. Rb7+ Kc8 62. Rb6 Kc7 63. Rb4 h4 64. Kf3 b2 65. Rxb2 Rxd3+ 66. Kg4 1/2-1/2

[Event "Mittelrhein Verbandsliga-M 15/16"]
[Site "Nordrheinwestfalen"]
[Date "2015.09.27"]
[Round "2.7"]
[White "Boehm, Stefan"]
[Black "Dizdarevic, Alen"]
[Result "0-1"]
[WhiteElo "1460"]
[BlackElo "1827"]
[PlyCount "66"]
[EventDate "2015.09.06"]
[EventType "team-tourn"]
[EventRounds "11"]
[EventCountry "GER"]
[SourceTitle "EXT 2022"]
[Source "ChessBase"]
[SourceDate "2021.10.06"]
[SourceVersion "1"]
[SourceVersionDate "2021.10.06"]
[SourceQuality "1"]
[WhiteTeam "Schlebusch SF"]
[BlackTeam "Rheinpark BSG"]
[WhiteTeamCountry "GER"]
[BlackTeamCountry "GER"]

1. c4 Nf6 2. Nc3 g6 3. Nf3 Bg7 4. g3 0-0 5. Bg2 d6 6. 0-0 c5 7. d3 Nc6 8. Rb1 Nd7 9. Bd2 Rb8 10. Qc1 Re8 11. a3 b6 12. Bh6 Bh8 13. h4 Nf6 14. b4 Ng4 15. Bd2 Nd4 16. bxc5 dxc5 17. Nh2 Nxh2 18. Kxh2 Bg4 19. f3 Bd7 20. Re1 Bc6 21. Bf4 e5 22. Be3 f5 23. Bg5 Qd7 24. f4 e4 25. Rd1 exd3 26. Re1 Qe6 27. e3 Nf3+ 28. Bxf3 Bxf3 29. Nd5 Rb7 30. Rf1 Bxd5 31. cxd5 Qxd5 32. Rd1 Qe6 33. Qd2 Bg7 0-1

[Event "Mittelrhein Verbandsliga-M 1112"]
[Site "Germany"]
[Date "2012.05.20"]
[Round "11.4"]
[White "Boehm, Stefan"]
[Black "Pragua, Christoph P"]
[Result "0-1"]
[WhiteElo "1941"]
[BlackElo "2054"]
[PlyCount "78"]
[EventDate "2011.09.18"]
[EventType "team-tourn"]
[EventRounds "11"]
[EventCountry "GER"]
[SourceTitle "EXT 2013"]
[Source "ChessBase"]
[SourceDate "2012.11.22"]
[SourceVersion "1"]
[SourceVersionDate "2012.11.22"]
[SourceQuality "1"]
[WhiteTeam "Bayer Leverkusen"]
[BlackTeam "Koeln SF II"]
[WhiteTeamCountry "GER"]
[BlackTeamCountry "GER"]

1. d4 Nf6 2. c4 d6 3. Nc3 Nbd7 4. Nf3 g6 5. e4 e5 6. dxe5 dxe5 7. h3 Bg7 8. Bg5 h6 9. Be3 0-0 10. Bd3 c6 11. 0-0 Qc7 12. Qc2 Re8 13. Rfd1 b6 14. Bf1 Bb7 15. a3 Rad8 16. Rd2 Nf8 17. Rad1 N6d7 18. b4 Ne6 19. g3 Kh7 20. Bg2 Ndf8 21. Rxd8 Rxd8 22. Rxd8 Qxd8 23. Qd2 Nd4 24. Ne1 Nfe6 25. Qb2 Qd7 26. a4 Ba6 27. b5 Bb7 28. Nd3 Nxb5 29. cxb5 Qxd3 30. bxc6 Bxc6 31. a5 bxa5 32. Bxa7 Qd7 33. Be3 Nd4 34. Nd5 a4 35. f4 Qb7 36. Qf2 a3 37. fxe5 Ne6 38. Nf6+ Bxf6 39. Qxf6 a2 0-1

[Event "Mittelrhein Verbandsliga-M 1112"]
[Site "Germany"]
[Date "2012.05.06"]
[Round "10.4"]
[White "Krebs, Dietmar"]
[Black "Boehm, Stefan"]
[Result "0-1"]
[WhiteElo "2004"]
[BlackElo "1941"]
[PlyCount "114"]
[EventDate "2011.09.18"]
[EventType "team-tourn"]
[EventRounds "11"]
[EventCountry "GER"]
[SourceTitle "EXT 2013"]
[Source "ChessBase"]
[SourceDate "2012.11.22"]
[SourceVersion "1"]
[SourceVersionDate "2012.11.22"]
[SourceQuality "1"]
[WhiteTeam "Koeln Lasker II"]
[BlackTeam "Bayer Leverkusen"]
[WhiteTeamCountry "GER"]
[BlackTeamCountry "GER"]

1. e4 c5 2. Nf3 a6 3. c4 e6 4. Nc3 Qc7 5. Be2 Nc6 6. 0-0 Nd4 7. Bd3 Bd6 8. h3 Ne7 9. Nxd4 cxd4 10. Ne2 Ng6 11. Nxd4 Bh2+ 12. Kh1 Qd6 13. Nf3 Qxd3 14. Kxh2 Qxe4 15. d3 Qc6 16. b3 0-0 17. Kg1 b6 18. d4 Bb7 19. Qd3 d5 20. Be3 dxc4 21. bxc4 Rfd8 22. Qb3 Rab8 23. Rfd1 Ne7 24. Rac1 Ba8 25. Bg5 Re8 26. Qa3 Qb7 27. Bxe7 Rxe7 28. Rb1 Rc7 29. Qd3 Qc8 30. Nd2 Qd7 31. Qe3 Qc6 32. f3 Rd8 33. d5 exd5 34. Rxb6 Qa4 35. Rdb1 dxc4 36. Rb8 Rcc8 37. Rxc8 Rxc8 38. Qc3 h6 39. a3 Bd5 40. Rb4 Qd1+ 41. Kh2 Be6 42. Ne4 Rd8 43. Qe5 a5 44. Qxa5 Rd3 45. Qh5 Rb3 46. Ra4 Rb8 47. Rb4 Ra8 48. Rb6 Qd8 49. Rd6 Qa5 50. Qxa5 Rxa5 51. a4 Kf8 52. Rc6 Ke7 53. Nc5 Bd5 54. Rc7+ Kd6 55. Nb7+ Kxc7 56. Nxa5 Kb6 57. Nxc4+ Bxc4 0-1

[Event "Mittelrhein Verbandsliga-M 1112"]
[Site "Germany"]
[Date "2012.02.26"]
[Round "7.5"]
[White "Kersten, Alexander"]
[Black "Boehm, Stefan"]
[Result "1-0"]
[WhiteElo "1956"]
[BlackElo "1941"]
[PlyCount "89"]
[EventDate "2011.09.18"]
[EventType "team-tourn"]
[EventRounds "11"]
[EventCountry "GER"]
[SourceTitle "EXT 2013"]
[Source "ChessBase"]
[SourceDate "2012.11.22"]
[SourceVersion "1"]
[SourceVersionDate "2012.11.22"]
[SourceQuality "1"]
[WhiteTeam "Rheinpark BSG"]
[BlackTeam "Bayer Leverkusen"]
[WhiteTeamCountry "GER"]
[BlackTeamCountry "GER"]

1. g3 g6 2. Bg2 Bg7 3. c4 Nf6 4. Nc3 d6 5. d3 0-0 6. h3 c5 7. Qd2 Na6 8. e4 Nc7 9. Nge2 Rb8 10. Rb1 b5 11. b3 b4 12. Nd1 e5 13. 0-0 Nfe8 14. Ne3 f5 15. f4 Be6 16. exf5 gxf5 17. Bb2 Qe7 18. Rf2 e4 19. dxe4 Bxb2 20. Qxb2 Bc8 21. Nxf5 Bxf5 22. exf5 Rxf5 23. g4 Rf8 24. Rbf1 Nf6 25. Ng3 Nfe8 26. f5 Qf6 27. Qxf6 Nxf6 28. g5 Nd7 29. Rd1 Rb6 30. Rfd2 Ne8 31. f6 Ne5 32. Nf5 Kf7 33. h4 Ra6 34. Bb7 Rb6 35. Be4 Ke6 36. Ng7+ Kf7 37. Nxe8 Rxe8 38. Rxd6 h6 39. Bd5+ Kf8 40. Rxb6 axb6 41. Kf2 Ng4+ 42. Kf3 h5 43. Kf4 Ne3 44. g6 Nxd5+ 45. Rxd5 1-0

[Event "Mittelrhein Verbandsliga-M 1112"]
[Site "Germany"]
[Date "2011.12.11"]
[Round "4.4"]
[White "Gerdau, Andreas"]
[Black "Boehm, Stefan"]
[Result "1-0"]
[WhiteElo "1866"]
[BlackElo "1941"]
[PlyCount "95"]
[EventDate "2011.09.18"]
[EventType "team-tourn"]
[EventRounds "11"]
[EventCountry "GER"]
[SourceTitle "EXT 2013"]
[Source "ChessBase"]
[SourceDate "2012.11.22"]
[SourceVersion "1"]
[SourceVersionDate "2012.11.22"]
[SourceQuality "1"]
[WhiteTeam "Kalker/Deutzer SG"]
[BlackTeam "Bayer Leverkusen"]
[WhiteTeamCountry "GER"]
[BlackTeamCountry "GER"]

1. e4 c5 2. c3 Nf6 3. e5 Nd5 4. d4 cxd4 5. cxd4 d6 6. Nf3 Nc6 7. Bc4 e6 8. 0-0 Be7 9. Qe2 0-0 10. Nc3 Nb6 11. Bd3 Nd7 12. Bf4 d5 13. Rac1 a6 14. Bb1 Re8 15. Rfe1 Nf8 16. h3 Bd7 17. a3 Rc8 18. Qd3 b5 19. Ne2 Na5 20. Rxc8 Bxc8 21. Ng3 Nc4 22. Bc1 Bd7 23. Nh5 a5 24. Nd2 g6 25. Nxc4 dxc4 26. Qg3 Bc6 27. Be4 Bxe4 28. Rxe4 f5 29. exf6 Bxf6 30. Nxf6+ Qxf6 31. Bg5 Qf5 32. Qe3 Nd7 33. h4 b4 34. axb4 axb4 35. f3 Rc8 36. Rxe6 c3 37. bxc3 bxc3 38. Re8+ Rxe8 39. Qxe8+ Nf8 40. Qc6 Ne6 41. Qc8+ Kg7 42. Qxc3 Nxg5 43. hxg5 Qxg5 44. d5+ Kh6 45. d6 Qd5 46. Qe3+ g5 47. Qb6 Kh5 48. g4+ 1-0